000 00320nam a22001457a 4500
003 OSt
005 20220126102902.0
008 220126b |||||||| |||| 00| 0 eng d
020 _a3800947021
040 _cH U
082 _a621.31
100 _aSiemens
_928661
245 _aGenerators - Motors
942 _2ddc
_cBOOKS
_n0
999 _c27902
_d27902